Modern spectroscopy
Spremljeno u:
| Glavni autor: | |
|---|---|
| Format: | Knjiga |
| Jezik: | Undetermined |
| Izdano: |
England
John Wiley & Sons
2004
|
| Teme: | |
| Oznake: |
Dodaj oznaku
Bez oznaka, Budi prvi tko označuje ovaj zapis!
|
| Thư viện lưu trữ: | Trung tâm Học liệu Trường Đại học Cần Thơ |
|---|
| LEADER | 00494nam a2200193Ia 4500 | ||
|---|---|---|---|
| 001 | CTU_92689 | ||
| 008 | 210402s9999 xx 000 0 und d | ||
| 020 | |c 49.17 | ||
| 082 | |a 535.84 | ||
| 082 | |b H734 | ||
| 100 | |a Hollas, J. Michael | ||
| 245 | 0 | |a Modern spectroscopy | |
| 245 | 0 | |c J. Michael Hollas | |
| 260 | |a England | ||
| 260 | |b John Wiley & Sons | ||
| 260 | |c 2004 | ||
| 650 | |a Spectrum analysis | ||
| 904 | |i Tuyến | ||
| 980 | |a Trung tâm Học liệu Trường Đại học Cần Thơ | ||